KAYAR (Record no. 4089)
[ view plain ]
| 000 -LEADER | |
|---|---|
| fixed length control field | 00532nam a22001457a 4500 |
| 020 ## - INTERNATIONAL STANDARD BOOK NUMBER | |
| ISBN | 81-713-0071-5 |
| 082 ## - DEWEY DECIMAL CLASSIFICATION NUMBER | |
| Classification number | 894.812.3 |
| 100 ## - MAIN ENTRY--AUTHOR NAME | |
| Personal name | THAKAZHI |
| 245 ## - TITLE STATEMENT | |
| Title | KAYAR |
| 260 ## - PUBLICATION, DISTRIBUTION, ETC. (IMPRINT) | |
| Place of publication | KOTTAYAM |
| Name of publisher | DC BOOKS |
| Year of publication | 2017 |
| 300 ## - PHYSICAL DESCRIPTION | |
| Number of Pages | 987 |
| 520 ## - SUMMARY, ETC. | |
| Summary, etc | It covers more than two centuries of Kerala life, encompassing six generations of characters. The historic transformation of man's relationship with land, as also between man and man, men and women and even man and God, forms the staple theme of Kayar. |
| 650 ## - SUBJECT ADDED ENTRY--TOPICAL TERM | |
| Topical Term | LITERATURE |
| 942 ## - ADDED ENTRY ELEMENTS (KOHA) | |
| Koha item type | Books |
| Withdrawn status | Lost status | Collection code | Home library | Current library | Shelving location | Date acquired | Source of acquisition | Cost, normal purchase price | Full call number | Accession Number | Koha item type |
|---|---|---|---|---|---|---|---|---|---|---|---|
| Fiction | Main Library | Main Library | SHELF-16G-MALAYALAM COLLECTION OF WORKS | 21/10/2018 | Purchase | 899.00 | 894.812.3 | 10363 | Books |